| 000 | 01447nam a2200385Ii 4500 | ||
|---|---|---|---|
| 001 | DIGEDTERR0077 | ||
| 003 | NyNyDIG | ||
| 006 | m o d | ||
| 007 | cr ||||||||||| | ||
| 008 | 240103s2022 mx ob 000 0 spa d | ||
| 035 | _a(OCoLC)1417821776 | ||
| 040 |
_aDGITA _beng _erda _epn _cDGITA |
||
| 020 |
_a9786077134831 _qeBook |
||
| 020 | _z9786077134824 | ||
| 050 | 1 | 4 | _aLB1025.3 ebook |
| 100 | 1 |
_aBarocio, Rosa, _eauthor. |
|
| 245 | 1 | 0 |
_aDisciplina con amor en el aula : _btocando el corazón de tus alumnos / _cRosa Barocio. |
| 250 | _aPrimera edición en Terracota. | ||
| 264 | 1 |
_aCiudad de México : _bEditorial Terracota : _bPAX, _c[2022] |
|
| 300 | _a1 online resource. | ||
| 336 |
_atext _btxt _2rdacontent |
||
| 337 |
_acomputer _bc _2rdamedia |
||
| 338 |
_aonline resource _bcr _2rdacarrier |
||
| 347 |
_atext file _2rdaft |
||
| 347 | _bEPUB | ||
| 504 | _aIncludes bibliographical references. | ||
| 588 | 0 | _aOnline resource; title from ePub title page (Digitalia, viewed January 3, 2024) | |
| 650 | 0 | _aTeaching. | |
| 791 | 2 |
_aDigitalia (Firm), _edistributor. |
|
| 793 | 0 |
_gDigitalia eBook Collection: _aEditorial Terracota |
|
| 776 | 0 | 8 |
_iPrint version: _aBarocio, Rosa. _tDisciplina con amor en el aula. _dCiudad de México : Editorial Terracota : PAX, [2022] _z9786077134824 |
| 856 | 4 | 0 |
_3Digitalia Hispánica _uhttps://www.digitaliapublishing.com/a/124133/ |
| 910 | _aPremium collection: 2024 | ||
| 942 | _cRAA | ||
| 999 |
_c276449 _d276449 |
||